Quản trị căn bản = The basic principles of management :

Na minha lista:
Detalhes bibliográficos
Autor principal: Trịnh Văn Thanh
Formato: Sách giấy
Idioma:Vietnamese
English
Publicado em: TP.HCM : TP.HCM , 1992
Tags: Adicionar Tag
Sem tags, seja o primeiro a adicionar uma tag!
Thư viện lưu trữ: Thư viện Trường Đại học Đà Lạt
LEADER 00634nam a2200253 4500
001 DLU020013719
005 ##6/19/2000
020 # # |a 978- 
041 # # |a vie  |a eng 
082 # # |a 650  |b TR-T 
090 # # |a 650  |b TR-T 
100 # # |a Trịnh Văn Thanh 
245 # # |a Quản trị căn bản =  |b The basic principles of management :  |b Cẩm nang kinh tế /  |c Trịnh Văn Thanh 
260 # # |a TP.HCM :  |b TP.HCM ,  |c 1992 
300 # # |a 608 tr.;   |c 24 cm. 
992 # # |a 42000 
994 # # |a DLU 
900 # # |a False 
911 # # |a Administrator 
925 # # |a G 
926 # # |a A 
927 # # |a SH 
980 # # |a Thư viện Trường Đại học Đà Lạt